000 00595nam a2200229Ia 4500
003 OSt
005 20221007063632.0
006 a|||||r|||| 00| 0
007 ta
008 221006b |||||||| |||| 00| 0 eng d
024 _a7,754
037 _cTextual
040 _aFLL
_cFLL
_beng
041 _2eng
_aeng
082 _aXM55:Z2, L7
100 _aKishore K.
_9151800
245 0 _aCompany law and practice
260 _aCalcutta
_bEastern Law House India
_c1977
300 _a26p,772p
_ccm.
942 _hXM55:Z2, L7
_cTEXL
_2CC
999 _c1131724
_d1131724